| 000 | 00552nam a22001817a 4500 | ||
|---|---|---|---|
| 999 |
_c15335 _d15335 |
||
| 082 |
_a631.56 _bGEO/DE |
||
| 100 |
_aGEORGE, K. O _92996 |
||
| 245 | _aDevelopment of an electric cum solar oven and study of its performance | ||
| 260 |
_aTavanur _bKelappaji College of Agricultural Engineering and Technology _c1991 |
||
| 300 | _a70 | ||
| 500 | _aproject report | ||
| 520 | _aproject report | ||
| 650 |
_aproject report _92985 |
||
| 700 |
_aMohammed Raphy _92997 |
||
| 700 |
_aPadmakumar, V. T _92998 |
||
| 700 |
_aRaj Mohan, C. K _92999 |
||
| 942 | _cPR | ||